<?xml version="1.0" encoding="UTF-8"?>
<record
    xmlns:xsi="http://www.w3.org/2001/XMLSchema-instance"
    xsi:schemaLocation="http://www.loc.gov/MARC21/slim http://www.loc.gov/standards/marcxml/schema/MARC21slim.xsd"
    xmlns="http://www.loc.gov/MARC21/slim">

  <leader>01048    a2200193   4500</leader>
  <controlfield tag="003">Nust</controlfield>
  <controlfield tag="005">20230306113850.0</controlfield>
  <datafield tag="010" ind1=" " ind2=" ">
    <subfield code="a">39000783</subfield>
  </datafield>
  <datafield tag="040" ind1=" " ind2=" ">
    <subfield code="c">Nust</subfield>
  </datafield>
  <datafield tag="082" ind1=" " ind2=" ">
    <subfield code="a">330,WYA</subfield>
  </datafield>
  <datafield tag="100" ind1=" " ind2=" ">
    <subfield code="a">Wyatt, Thomas William</subfield>
    <subfield code="9">109832</subfield>
  </datafield>
  <datafield tag="245" ind1=" " ind2=" ">
    <subfield code="a">Money and the machine age /</subfield>
    <subfield code="c">T.W. Wyatt</subfield>
  </datafield>
  <datafield tag="260" ind1=" " ind2=" ">
    <subfield code="a">P.S. King &amp; Son, Ltd.,</subfield>
    <subfield code="b">London,</subfield>
    <subfield code="c">1937</subfield>
  </datafield>
  <datafield tag="300" ind1=" " ind2=" ">
    <subfield code="a">ix, 120 p</subfield>
    <subfield code="b">19 cm</subfield>
  </datafield>
  <datafield tag="505" ind1=" " ind2=" ">
    <subfield code="a">Cure Of Unemployement (Page-11), Basic Economic Facts (Page-32), The Trade Cycle (Page-34), The Position After The War Of 1914/18 (Page-36), The Gold Standard (Page-40), The Return To The Gold Standard In 1925 (Page-48), Collapse Of Gold Standard (Page-54), Balance Of Trade (Page-68), The National Debt (Page-77), Balancing The Budget (Page-84), The Cost Fallacy (Page-87), Money And Bank Deposits (Page-93), Inflation And Deflation (Page-102), Devaluation (Page-110), Idle Money (Page-115), Finance In Peace Time (Page-116), Conclusion (Page-119).</subfield>
  </datafield>
  <datafield tag="600" ind1=" " ind2=" ">
    <subfield code="a">Wyatt, Thomas William</subfield>
    <subfield code="9">109832</subfield>
  </datafield>
  <datafield tag="650" ind1=" " ind2=" ">
    <subfield code="a">Money and the machine age</subfield>
    <subfield code="9">109833</subfield>
  </datafield>
  <datafield tag="942" ind1=" " ind2=" ">
    <subfield code="2">ddc</subfield>
    <subfield code="c">BK</subfield>
  </datafield>
  <datafield tag="999" ind1=" " ind2=" ">
    <subfield code="c">184605</subfield>
    <subfield code="d">184605</subfield>
  </datafield>
  <datafield tag="952" ind1=" " ind2=" ">
    <subfield code="0">0</subfield>
    <subfield code="1">0</subfield>
    <subfield code="2">ddc</subfield>
    <subfield code="4">0</subfield>
    <subfield code="7">0</subfield>
    <subfield code="a">MCS</subfield>
    <subfield code="b">MCS</subfield>
    <subfield code="c">GEN</subfield>
    <subfield code="d">2016-12-12</subfield>
    <subfield code="o">330,WAY</subfield>
    <subfield code="p">MCS30007</subfield>
    <subfield code="r">2016-12-08</subfield>
    <subfield code="w">2016-12-12</subfield>
    <subfield code="y">BK</subfield>
    <subfield code="z">Almirah No.73, Shelf No.5</subfield>
  </datafield>
</record>
